000 01090nam a2200313 i 4500
001 b16466068
003 KOSZ 005
005 20191105105332.0
008 040519s1976 pl a f |001 0 pol
015 _aPB 1976/7633
035 _a(OCoLC)749636498
040 _aWA N
_cKOSZ 005/EG
_dKOSZ 005/EG
041 0 _apol
046 _k1976
080 _a621.18
080 _a621.4
100 1 _aOrłowski, Piotr
_d(1904-1986)
_eAutor
245 1 0 _aKotły parowe w energetyce przemysłowej :
_bzagadnienia eksploatacyjne /
_cPiotr Orłowski.
260 _aWarszawa :
_bWydawnictwa Naukowo-Techniczne,
_c1976.
300 _a189, [1] s., [1] k. tabl. :
_bil., tab., wykr. ;
_c21 cm.
380 _aKsiążki.
504 _aBibliogr. s. 182-184. - Indeks.
650 4 _aPrzemysł
_xenergetyka
_xurządzenia.
658 _aInżynieria i technika
650 4 _aKotły parowe
710 2 _aWydawnictwa Naukowo-Techniczne
_4pbl.
856 _uhttp://koha.tu.koszalin.pl/cgi-bin/koha/opac-detail.pl?biblionumber=27513
_yKatalog online BPK
942 _2UKD
_cKS
999 _c27513
_d27513